[Event "Büsum"]
[Site "Büsum"]
[Date "2013.10.03"]
[Round "6.30"]
[White "Kühnen, Gerhard"]
[Black "Micheel, Peter"]
[Result "0-1"]
[WhiteElo "1665"]
[BlackElo "1926"]
[Annotator ",Microsoft"]
[PlyCount "82"]
[EventDate "2013.??.??"]
[WhiteTeam "Flensburger SK von 1876"]
[BlackTeam "SSC Graal-Müritz"]

1. d4 Nf6 2. c4 e5 3. e3 exd4 4. exd4 Bb4+ 5. Bd2 Qe7+ 6. Be2 Bxd2+ 7. Qxd2 O-O
8. Nc3 d6 9. O-O-O a5 10. a3 Bd7 11. Bd3 Nc6 12. Re1 Qd8 13. h3 Nxd4 14. Bxh7+
Nxh7 15. Qxd4 Qg5+ 16. Re3 Qf6 17. Qxf6 Nxf6 18. g4 $11 Bc6 19. Rh2 Rfe8 20.
Re2 Ne4 21. Nxe4 Bxe4 22. Kd2 Rad8 23. Re3 d5 24. c5 d4 25. Rb3 Bd5 26. Rg3 Re7
27. Ne2 Bc4 28. Nf4 Rde8 29. f3 a4 30. Rgg2 Re3 31. Rf2 Kf8 32. h4 Rb3 33. Kd1
Ree3 34. Rc2 Bb5 35. Rhf2 Rxf3 36. Rxf3 Rxf3 37. Ng2 Rf1+ 38. Ne1 Bc6 39. Rd2
Rf4 40. Nc2 Rf1+ 41. Ke2 Bb5+ 0-1

[Event "Büsum"]
[Site "Büsum"]
[Date "2013.10.03"]
[Round "6.31"]
[White "Schuett, Ingo"]
[Black "Barlo, Werner"]
[Result "0-1"]
[WhiteElo "1638"]
[BlackElo "1851"]
[PlyCount "72"]
[EventDate "2013.??.??"]
[WhiteTeam "SV Großhansdorf"]
[BlackTeam "SK Zehlendorf e.V."]

1. Nf3 d5 2. c4 e6 3. g3 Nf6 4. Bg2 Be7 5. O-O Nbd7 6. Qc2 c6 7. Nc3 O-O 8. d3
h6 9. e4 dxe4 10. dxe4 Qc7 11. Rd1 e5 12. Nh4 Rd8 13. Nf5 Bf8 14. f4 g6 15.
fxe5 Ng4 16. Qe2 gxf5 17. exf5 Qb6+ 18. Kf1 Nxh2+ 19. Ke1 Qg1+ 20. Bf1 Qxg3+
21. Qf2 Qxf2+ 22. Kxf2 Ng4+ 23. Kg3 Ngxe5 24. Ne4 Re8 25. Kf4 Bg7 26. Be2 Nf6
27. Nd6 Re7 28. Be3 b6 29. c5 Nd5+ 30. Rxd5 cxd5 31. Rg1 f6 32. Bb5 a6 33. Ba4
Bd7 34. Bb3 Bc6 35. cxb6 Rb8 36. Bc5 Nd3+ 0-1

[Event "Büsum"]
[Site "Büsum"]
[Date "2013.10.03"]
[Round "6.32"]
[White "Bangert, Rüdiger"]
[Black "Jung, Prof.Michael"]
[Result "0-1"]
[WhiteElo "1638"]
[BlackElo "1820"]
[PlyCount "42"]
[EventDate "2013.??.??"]
[BlackTeam "SV Osnabrück"]

1. d4 g6 2. c4 Bg7 3. Nc3 d6 4. e4 e6 5. Nf3 h6 6. Be3 Nd7 7. Bd3 Ne7 8. O-O
O-O 9. Qd2 Kh7 10. Rac1 b6 11. Qc2 Bb7 12. Rfd1 f5 13. Nd2 f4 14. Re1 fxe3 15.
Rxe3 Bxd4 16. Rg3 Bxf2+ 17. Kh1 Bxg3 18. hxg3 Ne5 19. Bf1 Rf2 20. Qd1 Rf7 21.
b3 Qf8 0-1

[Event "Büsum"]
[Site "Büsum"]
[Date "2013.10.03"]
[Round "6.33"]
[White "Fanenbruck, Günter"]
[Black "Linz, Stefan"]
[Result "0-1"]
[WhiteElo "1879"]
[BlackElo "1736"]
[Annotator ",Microsoft"]
[PlyCount "45"]
[EventDate "2013.??.??"]
[WhiteTeam "SV Bad Schwartau von 1930"]
[BlackTeam "SC 1971 Bad Marienberg  e. V."]

1. e4 g6 2. d4 Bg7 3. Nc3 d6 4. Be3 Nf6 5. h3 a6 6. Qd2 O-O 7. Be2 Nc6 8. Nf3
b5 9. a3 Bb7 10. O-O e6 11. Bh6 Ne7 12. Bxg7 Kxg7 13. Qe3 c6 14. Rfd1 Qc7 15.
Nh2 Rac8 16. f4 c5 17. Bf3 cxd4 18. Qxd4 Qc5 19. Qxc5 dxc5 20. Rd2 Bc6 21. Rad1
c4 22. Nf1 Nfg8 23. Ne3 {Rest nicht rekonstruierbar} 0-1

[Event "Büsum"]
[Site "Büsum"]
[Date "2013.10.03"]
[Round "6.34"]
[White "Van Houten, Henk"]
[Black "Hölzel, Gerhard"]
[Result "1/2-1/2"]
[WhiteElo "1777"]
[BlackElo "1561"]
[Annotator ",Microsoft"]
[PlyCount "57"]
[EventDate "2013.??.??"]
[WhiteTeam "Schachclub Gronau 1920 e.V."]
[BlackTeam "Ahrensburger TSV"]

1. e4 c5 2. Nf3 Nc6 3. c3 d5 4. exd5 Qxd5 5. Be2 Nf6 6. O-O g6 7. d3 Bg7 8. Na3
O-O 9. Nc2 Qd6 10. Ne3 Rd8 11. Qc2 b6 12. g3 Bh3 13. Rd1 h6 14. Bf1 Qd7 15. Bg2
Bxg2 16. Kxg2 Rac8 17. Qe2 b5 18. Kg1 e5 19. Rb1 Re8 20. Nd2 Rcd8 21. Ne4 Qe7
22. Nxf6+ Bxf6 23. Ng4 h5 24. Nxf6+ Qxf6 25. g4 Qe6 26. Be3 c4 27. dxc4 Qxc4
28. Qf3 Rxd1+ 29. Rxd1 {Rest nicht rekonstruierbar} 1/2-1/2

[Event "Büsum"]
[Site "Büsum"]
[Date "2013.10.03"]
[Round "6.35"]
[White "Gottschalk, Jürgen"]
[Black "Möller, Gerhard"]
[Result "1-0"]
[WhiteElo "1629"]
[BlackElo "1678"]
[PlyCount "37"]
[EventDate "2013.??.??"]
[WhiteTeam "SV Blau-Weiß 69 Parchim"]
[BlackTeam "SF Ostsee Warnemünde"]

1. e4 c5 2. Nf3 d6 3. Nc3 Nf6 4. d4 cxd4 5. Nxd4 g6 6. Bd3 Bg7 7. Nde2 Nc6 8.
h3 a6 9. a3 O-O 10. Bg5 Bd7 11. O-O Qc7 12. Qc1 Rfc8 13. f4 e6 14. f5 exf5 15.
exf5 Ne5 16. fxg6 Nxd3 17. gxf7+ Kh8 18. cxd3 Qc5+ 19. d4 1-0

[Event "Büsum"]
[Site "Büsum"]
[Date "2013.10.03"]
[Round "6.36"]
[White "Vierling, Paul"]
[Black "Ritter, Klaus"]
[Result "1/2-1/2"]
[WhiteElo "1574"]
[BlackElo "1277"]
[Annotator ",Microsoft"]
[PlyCount "54"]
[EventDate "2013.??.??"]
[WhiteTeam "Fehntjer SK"]
[BlackTeam "SV Büsum"]

1. e4 e5 2. Nf3 d6 3. Nc3 Be6 4. d4 f6 5. d5 Bf7 6. Be3 a6 7. Bd3 Ne7 8. O-O
Qd7 9. b3 c6 10. Bc4 b5 11. dxc6 Nexc6 12. Bxf7+ Qxf7 13. Nd5 Na7 14. c4 Nbc6
15. a3 bxc4 16. bxc4 Rb8 17. Rb1 Rxb1 18. Qxb1 Nc8 19. Nd2 Qd7 20. Nb3 Kf7 21.
f4 Be7 22. f5 Bd8 23. Qd1 Rf8 24. Qh5+ Kg8 25. Rf3 Qf7 26. Qh3 N8e7 27. Nxe7+
Nxe7 {Rest nicht rekonstruierbar} 1/2-1/2

[Event "Büsum"]
[Site "Büsum"]
[Date "2013.10.03"]
[Round "6.37"]
[White "Grasmeyer, Klaus-Peter"]
[Black "Potschka, Dieter"]
[Result "1/2-1/2"]
[WhiteElo "1815"]
[BlackElo "1809"]
[PlyCount "73"]
[EventDate "2013.??.??"]
[WhiteTeam "SK Villingen"]
[BlackTeam "VfL Geesthacht von 1973"]

1. d4 e6 2. Nf3 d5 3. Bf4 Nf6 4. e3 Be7 5. c4 b6 6. Nbd2 Bd7 7. Rc1 Nc6 8. cxd5
Nxd5 9. Bg3 O-O 10. Bb5 Ncb4 11. Bc4 b5 12. a3 bxc4 13. axb4 Bxb4 14. O-O c3
15. bxc3 Nxc3 16. Rxc3 Bxc3 17. Qc2 Ba5 18. Rc1 Rc8 19. Ne4 Rb8 20. h3 Bb6 21.
Nc5 Bb5 22. Ra1 Qd5 23. Ne5 a5 24. Na4 Rbc8 25. Nc3 Qd8 26. Nxb5 c5 27. Qa4
cxd4 28. Nxd4 Qd5 29. Qb5 Bxd4 30. Qxd5 exd5 31. exd4 Ra8 32. Ra4 Rfc8 33. Nd7
Rc4 34. Rxc4 dxc4 35. Nb6 Rd8 36. Nxc4 Rxd4 37. Na3 1/2-1/2

[Event "Büsum"]
[Site "Büsum"]
[Date "2013.10.03"]
[Round "6.38"]
[White "Geibel, Henning"]
[Black "Wiebke, Elfriede"]
[Result "0-1"]
[WhiteElo "1530"]
[BlackElo "1377"]
[PlyCount "52"]
[EventDate "2013.??.??"]
[WhiteTeam "SV Bargteheide"]
[BlackTeam "Verein Segeberger SF"]

1. e4 e5 2. Nf3 d6 3. h3 Nf6 4. Nc3 a6 5. Bc4 h6 6. O-O Be7 7. d3 O-O 8. Be3 c5
9. a3 Nc6 10. Rb1 Rb8 11. b4 cxb4 12. axb4 b5 13. Bd5 Nxd5 14. Nxd5 f5 15. c3
f4 16. Bd2 Bg5 17. Qb3 Kh8 18. c4 Nd4 19. Nxd4 exd4 20. Qb2 f3 21. g4 Bxd2 22.
Qxd2 Qh4 23. Kh2 Bxg4 24. Nf4 Rxf4 25. Qxf4 Qxh3+ 26. Kg1 Qg2# 0-1

[Event "Büsum"]
[Site "Büsum"]
[Date "2013.10.03"]
[Round "6.39"]
[White "Schumacher, Ursula"]
[Black "Freihube, Manfred"]
[Result "0-1"]
[WhiteElo "1637"]
[BlackElo "1521"]
[PlyCount "88"]
[EventDate "2013.??.??"]
[WhiteTeam "HTC Bad Neuenahr"]
[BlackTeam "SC Schwarz-Weiß Lichtenrade e.V."]

1. c4 c5 2. Nc3 Nc6 3. Nf3 Nf6 4. g3 b6 5. Bg2 Bb7 6. O-O e6 7. d3 Be7 8. e3
O-O 9. b3 d5 10. cxd5 Nxd5 11. Bb2 Bf6 12. Qd2 Qe7 13. e4 Nxc3 14. Bxc3 Bxc3
15. Qxc3 e5 16. Rfe1 Rad8 17. Bf1 Rd6 18. Rac1 Rfd8 19. a3 a5 20. Re3 Nd4 21.
a4 Rf6 22. Ne1 Bc8 23. Qb2 Be6 24. Rc3 h5 25. h4 Bg4 26. Be2 Bxe2 27. Rxe2
Nxe2+ 28. Qxe2 g6 29. Qe3 Kg7 30. Qg5 Re6 31. Qe3 Red6 32. Kg2 Qe6 33. f3 Rd4
34. f4 exf4 35. Qxf4 Qf6 36. Qe3 Qe6 37. Nf3 Qf6 38. e5 Qf5 39. Ne1 R8d5 40.
Nf3 Rxd3 41. Rxd3 Rxd3 42. Qe2 Rxb3 43. e6 Qxe6 44. Qd2 Qe3 0-1